000 00357nam a2200169Ia 4500
001 1284
005 20250626024112.0
008 211022s9999 xx 000 0 und d
082 _a779.092 MET
100 _aMetzner, Sheila
245 0 _aSheila Metzner
260 _aAltadena
260 _bTwin Palms
260 _c1991
300 _aV. P.
942 _cBK
999 _c1091
_d1091